Southville International School and Colleges
Your cart is empty.
  • Cart
  • Lists
    Public lists Eva Luna New books Lux_list list_1
    Your lists Log in to create your own lists
  • Log in to your account
  • Your cookies
  • Search history
Southville International School and Colleges
  • Advanced search
  • Recent comments
  • Most popular
  • Libraries

Log in to your account

Log in with GOOGLE


If you do not have an external account, but do have a local account, you can still log in:

  1. Home
  2. MARC view: Nursery rhymes.
Normal view MARC view ISBD view

Nursery rhymes. (Record no. 104256)

[ view plain ]
MARC details
000 -LEADER
fixed length control field 00356nam a2200145 a 4500
005 - DATE AND TIME OF LATEST TRANSACTION
control field 20140412111317.0
008 - FIXED-LENGTH DATA ELEMENTS--GENERAL INFORMATION
fixed length control field 010320s19uu xx 00 eng d
020 ## - INTERNATIONAL STANDARD BOOK NUMBER
International Standard Book Number 983-9556-65-7
050 ## - LIBRARY OF CONGRESS CALL NUMBER
Classification number ER
Item number Nu93 1993
245 ## - TITLE STATEMENT
Title Nursery rhymes.
260 ## - PUBLICATION, DISTRIBUTION, ETC. (IMPRINT)
Place of publication, distribution, etc Kuala, Lumpur :
Name of publisher, distributor, etc MECRON,
Date of publication, distribution, etc [s.n.]
300 ## - PHYSICAL DESCRIPTION
Extent [16] p. ; ill.
650 ## - SUBJECT ADDED ENTRY--TOPICAL TERM
Topical term or geographic name as entry element Rhymes
Holdings
Withdrawn status Lost status Damaged status Use restrictions Home library Current library Shelving location Date acquired Source of acquisition Total Checkouts Full call number Barcode Date last seen Price effective from Koha item type
        Elizalde Library Elizalde Library Easy Reading Section 03/20/2001     ER Nu93 1993 E7177 04/12/2014 04/12/2014 Books

Nursery rhymes.

APA

Nursery rhymes. Kuala, Lumpur: MECRON.

Chicago

Nursery rhymes. Kuala, Lumpur: MECRON.

Harvard

Nursery rhymes. Kuala, Lumpur: MECRON.

MLA

Kuala, Lumpur: MECRON. .

  • Place hold
  • Print
  • Cite
  • Add to your cart (remove)
  • Save record
    BIBTEX Dublin Core MARCXML MARC (non-Unicode/MARC-8) MARC (Unicode/UTF-8) MARC (Unicode/UTF-8, Standard) MODS (XML) RIS
  • More searches
    Search for this title in:
    Other Libraries (WorldCat) Other Databases (Google Scholar) Online Stores (Bookfinder.com) Open Library (openlibrary.org)

Exporting to Dublin Core...

SOUTHVILLE LIBRARY

Southville International School and Colleges Library

1281 Tropical Ave. Cor. Luxembourg St., BF Homes International, Las Pinas City

Tel. No. 8256374 / 252358 Loc. 117/146

Powered by Koha